000 01081nam0a22002531 4500
001 rc\2781230
005 20250806210249.0
035 _a(NLR Aleph) 006907466
090 _a21756
_c21756
100 _a20110915d1942 u y0rusy50 ca
101 0 _arus
102 _aRU
105 _aa z |||||
200 1 _aРастительные ресурсы Таджикистана на службу обороне
_e(Сборник директивных и инструктивных материалов по сбору и хранению лекарственного и технич. сырья)
_fПод ред. С. И. Плешко
_gТаджик. филиал Акад. наук СССР
210 _aСталинабад
_cГосиздат Таджикистана
_d1942
215 _a24 с.
_cил., табл.
_d16 см.
702 1 _aПлешко
_bС.И.
_4340
801 0 _aRU
_bNLR
_gpsbo
801 1 _aRU
_bELAR
_2rusmarc
852 _aNLR
_jС50 Г-2/86
942 _cBOOK
945 _aРоссийская национальная библиотека
980 _aNB
980 _aBV